000 005900000a22001570004500
008 100904t xxu||||| |||| 00| 0 eng d
082 _a26885
090 _c26885
_d26885
100 _aEkemu, Rebecca Olivia
_946697
245 _aPerformance evaluation system in financial institutions :
_ba case study of Centenary Rural Development Bank Ltd /
_cEkemu,Rebecca Olivia
260 _aNkozi :
_b Uganda Martyrs University,
_c2002
300 _axi, 81p. ;
_c30 cm.
500 _aMaster of Business Administration and Management
650 _aEvaluation system
_946698
942 _cMASTER DIS
_2ddc
999 _c26885
_d26885